000 00460nam a2200169Ia 4500
001 57553
008 140507s9999 xx 000 0 und d
020 _a9780743252522
040 _cPK-LaUMT
082 _a 158.1
_bCOV-S
100 _aCovey, Sean
245 4 _aThe 7 habits of highly effective teenagers
_bthe ultimate teenage success guide
_cCovey, Sean
260 _aLondon,UK:
_bSimon & Schuster,
_c1998
300 _a272 p.
546 _aEN
942 _cBK
999 _c54838
_d54838